Responses for show #4380 - Friday, September 26, 2003

2003 Back to School Week game 5.

Contestants

[<< previous game]

Josh Woo, an eleven-year-old seventh-grader from River Ridge, Louisiana

Becca Portman, a twelve-year-old seventh-grader from Deerwood, Maryland

Matt Bischoff, a twelve-year-old seventh-grader from Sicklerville, New Jersey

[next game >>]

Jeopardy! Round responses

CLASSIC LITERATURE
HILARY DUFF STUFF
DINOSAURS
TRICKY QUESTIONS
(Alex: Watch out for those.)
YUM YUM!
"T" TIME
    $200 3
headless

Josh
    $200 1
Radio Disney

Becca
    $200 21
the Tyrannosaurus rex

Becca
    $200 14
7

Matt
    $200 4
Bertie Bott's Every Flavor Beans

Josh
    $200 5
a sweet tooth

Josh
    $400 18
Dr. Jekyll

Matt
    $400 2
Lizzie McGuire

Matt
    $400 24
(Josh: [Looks up, emits sigh of relief])

the Triceratops

Josh
    $400 15
(Matt: Um, what is... [Shakes head])
...
(Alex: [*].)
[Audience groans, a few chuckles]
(Alex: [To camera] I just read 'em!)
[Laughter]

a wooden leg won't take a photograph

Matt
Triple Stumper
    $400 10
Pez

Matt
    $400 6
your temper

Becca
    $600 22
looking-glass

Triple Stumper
    $600 16
Agent Cody Banks

Becca
    $600 26
the Stegosaurus

Becca
    $600 20
misspelled

Josh
    $600 11
peppermint patties

Matt
    $600 7
the truth

Becca
    $800 23
Herman Melville

Josh
    $800 17
Wendy

Triple Stumper
    $800 27
a Velociraptor

Matt
    $800 25
(Josh: What is 4?)
(Matt: What is 3?)
...
(Alex: Correct response: "What is [*]?" You had to catch those "of"s.)

5

MattJosh
Triple Stumper
    $800 12
(Matt: What are Reese's Cups... [*]?)

Peanut Butter Cups

Matt
    $800 8
(Matt: What is the... sorry.)
(Alex: Oh, that's too bad.)

the Torah

MattBecca
    $1000 29
(Matt: Who is King Arthur?)

Don Quixote

Matt
Triple Stumper
    $1000 19
Lil' Romeo

Josh
    $1000 28
3

Matt
    $1000 13
carbon dioxide

Triple Stumper
    $1000 9
(Matt: What is an arc?)
(Becca: What is a toss?)

a trajectory

MattBecca
Triple Stumper

Scores at the first commercial break (after clue 15):

Matt Becca Josh
$200 $1,000 $600

Scores at the end of the Jeopardy! Round:

Matt Becca Josh
$600 $2,400 $2,600

Double Jeopardy! Round responses

LOUISIANA
SLOW-POURRI
FORMER WORLD LEADERS
PATRIOTIC SONG TITLES
MEDICINES
ENDS IN "OO"
    $400 3
the Mississippi

Becca
    $400 11
slow motion

Matt
    $400 13
England

Josh
    $400 8
"The Star-Spangled Banner"

Josh
    $400 10
fever

Josh
    $400 1
a cuckoo clock

Matt
    $800 4
Baton Rouge

Becca
    $800 17
the tortoise

Josh
    $800 14
India

Josh
    $800 9
"Yankee Doodle"

Josh
    $800 15
a(n) (eye) patch

Becca
    $800 2
igloo

Josh
    $1200 12
(Matt: What is... [sighs, shakes head])

Mardi Gras

MattJosh
    $1200 22
a laser

Matt
    $1200 21
the Roman Empire

Josh
    $1200 19
"America The Beautiful"

Josh
    $1200 16
aspirin

Josh
    $1200 5
tattoo

Becca
    $800 18
(Josh: What is tobacco?)
(Alex: Ooh, no, tobacco is not a fiber. [*] is a fiber. [*].)
(Josh: [Squints, leans back])

cotton

Josh
    $2,000 23
Moses

Matt
    $1600 25
(Alex: [*]: Soviet Union at that time.

Russia

Josh
    $1600 20
"God Bless America"

Josh
    $1600 27
(Alex: It's a kind of [*].)

a cough syrup

Triple Stumper
    $1600 6
bamboo

Becca
    $2000 26
(Josh: Who is Robert LaSalle?)

Napoleon

Josh
Triple Stumper
    $2000 24
the sloth

Becca
    $2000 28
"America"

Matt
    $2000 7
(Matt: What is Google?)

Yahoo!

MattBecca

Scores at the end of the Double Jeopardy! Round:

Matt Becca Josh
$3,400 $11,200 $12,200

[wagering suggestions for these scores]

Final Jeopardy! Round responses

THE TOY BOX
(Alex: [To Matt] I'm sorry, that's not going to do it.)
...
(Alex: [Revealing Becca's response] We needed the "Head" part, Matt. [Camera cutaway to shocked parents] Her parents just gasped in the audience. [Audience laughter])
MattWhat is Mr. Potato
$3,399
BeccaWhat is Mr Potato Head?
$11,199
JoshWhat is the Beanie Baby?
$401
Mr. Potato Head

Final scores:

Matt Becca Josh
$1 $22,399 $11,799
3rd place: $1,000 + Classroom Jeopardy! + a $1,000 Dell Computer gift certificate Winner: $22,399 + Classroom Jeopardy! + a $1,000 Dell Computer gift certificate 2nd place: $2,000 + Classroom Jeopardy! + a $1,000 Dell Computer gift certificate

Game dynamics:

Coryat scores:

Matt Becca Josh
$3,000 $11,200 $13,000
13 R
(including 1 DD),
7 W
14 R,
1 W
20 R
(including 1 DD),
3 W
(including 1 DD)

Combined Coryat: $27,200

The J! Archive is created by fans, for fans. The Jeopardy! game show and all elements thereof, including but not limited to copyright and trademark thereto, are the property of Jeopardy Productions, Inc. and are protected under law. This website is not affiliated with, sponsored by, or operated by Jeopardy Productions, Inc. Join the discussion at JBoard.tv.